1054 1439 1227 1503 1461 1241 1442 1136 1569 1278 1416 1176 1292 1440 1308 1852 1058 1335 1061 1991 1196 1852 1514 1666 1196 1026 1960 1923 1381 1453 1322 1051 1597 1666 1226 1181 1887 1060 1021 1484 1671 1830 1712 1882 1113 1782 1641 1816 1220 1896 1137 1869 1109 1425 1656 1348 1419 1958 1929 1224 1175 1477 1840 1053 1775 1507 1025 1936 1305 1264 1270 1288 1790 1821 1084 1760 1050 1075 1529 1950 1077 1215 1832 1236 1513 1098 1113 1473 1632 1621 1338 1977 1616 1278 1181 1449 1684 1361 1816 BCNSPRNW ULIB Ver.6.0+V

เปลี่ยนเป็นภาษาไทย

Change to English
 แสดงรายละเอียดบรรณานุกรม
  กลับหน้าหลัก

Brief Record : Get Marc (ISO 2709) : E-mail record : QR code < ปิดหน้าต่าง
LEADER : 00000nam 2200000uu 4500
001    13399110338
003     ULIB
008    110429s2551||||th 000 0 tha d
020    9789745980174
050  4 BF637.S8^bค2268 2551
100 1  คาร์เนกี, เดล.
245 10 ศิลปะการผูกมิตรและจูงใจคน =^bHow to win friends &influence people /^cDale Carnegie ; แปลและเรียบเรียงโดย พฤทธิ์ ธนเทพ.
260    กรุงเทพฯ :^bPocket Media,^c2551.
300    319 หน้า ;^c21 ซม.
500    แปลและเรียบเรียงจาก How to win friends & influence people.
505 2  เทคนิคพื้นฐานในการติดต่อกับผู้อื่น -- หกวิธีทำให้คนชอบคุณ-- วิธีทำให้คนอื่นติดตามคุณ -- การเป็นผู้นำ: วิธีที่จะเปลี่ยนแปลงผู้อื่นโดยไม่ทำให้เกิดการต่อต้านหรือกระตุ้นให้เกิดความขุ่นเคือง.
650  4 ความสำเร็จ.
650  4 ความสัมพันธ์ระหว่างบุคคล.
650  4 สัจจการแห่งตน
700 1  Carnegie, Dale.
700 0  พฤทธิ์ ธนเทพ.
945    ^p250^l0^i030064
995     เกษร
999 ^a ใช้งานได้ทุกระบบ
รายการนี้ยังไม่มีแท็ก
คุณยังไม่ได้ล็อกอิน คุณสามารถมีกิจกรรมร่วมกับเว็บไซต์ได้ แต่ต้องล็อกอินก่อน ::
  ล็อกอิน

รายการสื่อสารสนเทศ

ลำดับที่ ประเภท เลขเรียก/บาร์โค้ด สถานที่ สถานะ
- ไม่พบข้อมูล -

รายการใกล้เคียง
    หัวเรื่อง [สัจจการแห่งตน]

BibComment


ยังไม่เคยถูกคอมเมนท์

คอมเมนท์ทรัพยากรรายการนี้
  คอมเมนท์: ศิลปะการผูกมิตรแล..


 Copyright 2026. Bcnsprnw @Library